Island Country with Inland Capital - Statistics

General Stats
  • This quiz has been taken 50 times
  • The average score is 4 of 5
Answer Stats
Capital Island Country % Correct
Antananarivo Madagascar
92%
London United Kingdom
82%
Nicosia Cyprus
71%
Taipei Taiwan
61%
Sri Jayawardenepura Kotte Sri Lanka
53%
No matching quizzes found
Score Distribution
Percent of People with Each Score
Percentile by Number Answered
Your Score History
You have not taken this quiz